Ingeniería de la automatización industrial
Saved in:
| Hovedforfatter: | |
|---|---|
| Format: | Bog |
| Sprog: | spansk |
| Udgivet: |
Ciudad de México
Alfaomega
2001
|
| Serier: | Alfaomega, 624
|
| Fag: | |
| Tags: |
Tilføj Tag
Ingen Tags, Vær først til at tagge denne postø!
|
MARC
| LEADER | 00000nam a2200000 a 4500 | ||
|---|---|---|---|
| 001 | UCN3875 | ||
| 003 | CL-VaPUC | ||
| 008 | 010713e20010000MX |||||||||||||||||spa|d | ||
| 082 | 0 | 4 | |a 629.8 |b PIE |2 21 |
| 100 | 0 | |a Piedrafita Moreno, Ramón |e author |9 460466 | |
| 245 | 1 | 0 | |a Ingeniería de la automatización industrial |
| 300 | |a 570 p | ||
| 942 | |c BK | ||
| 945 | |d 20010713 00:00:00 |a vberengu | ||
| 260 | |a Ciudad de México |b Alfaomega |c 2001 | ||
| 650 | 0 | |a Autómatas programables industriales |9 457086 | |
| 650 | 0 | |a Automatización industrial |9 428727 | |
| 650 | 0 | |a Automatización |9 299909 | |
| 583 | |a last modification |c 20010713 00:00:00 |k Rodrigo Vera | ||
| 490 | 0 | |a Alfaomega, 624 | |
| 999 | |c 296546 |d 296544 | ||
| 952 | |0 0 |1 0 |4 0 |6 629_800000000000000_PIE_2001 |7 0 |8 A |9 350352 |a BIBMEC |b BIBMEC |d 2019-11-20 |i 3716643 |o 629.8 PIE 2001 |p 3716643 |r 2019-11-20 |w 2019-11-20 |y BK |k MEC | ||
| 952 | |0 0 |1 0 |4 0 |6 629_800000000000000_PIE_2001 |7 0 |8 A |9 350353 |a BIBMEC |b BIBMEC |d 2019-11-20 |i 3753034 |o 629.8 PIE 2001 |p 3753034 |r 2024-01-19 |w 2019-11-20 |y BK |k MEC | ||